00667cam a22001933a 450000100060000000300060000600500170001200800410002904000150007004200070008510000330009224501690012526000290029450600300032351600200035370000290037383000290040285600420043143633PGUSA20140828084007.0130903s2013||||xxu|||||s|||||000 | eng d aPGUSAbeng adc1 aDumas, Alexandre,d1802-187014aThe Royal Life Guard ;bor, the flight of the royal family. A historical romance of the suppression of the French monarchyh[electronic resource] /cAlexandre Dumas bProject Gutenberg,c2013 aPublic domain in the USA. aElectronic text1 aWilliams, Hery Llewellyn 0aProject Gutenbergv4363340uhttp://www.gutenberg.org/ebooks/43633